Southville International School and Colleges
Your cart is empty.
  • Cart
  • Lists
    Public lists Eva Luna New books Lux_list list_1
    Your lists Log in to create your own lists
  • Log in to your account
  • Your cookies
  • Search history
Southville International School and Colleges
  • Advanced search
  • Recent comments
  • Most popular
  • Libraries

Log in to your account

Log in with GOOGLE


If you do not have an external account, but do have a local account, you can still log in:

  1. Home
  2. MARC view: Οθέλλος :
Normal view MARC view ISBD view

Οθέλλος : (Record no. 262052)

[ view plain ]
MARC details
000 -LEADER
fixed length control field 01008cam a22003253a 4500
001 - CONTROL NUMBER
control field 32797
003 - CONTROL NUMBER IDENTIFIER
control field PGUSA
005 - DATE AND TIME OF LATEST TRANSACTION
control field 20140828083717.0
008 - FIXED-LENGTH DATA ELEMENTS--GENERAL INFORMATION
fixed length control field 100613s2010||||xxu|||||s|||||000 | eng d
040 ## - CATALOGING SOURCE
Original cataloging agency PGUSA
Language of cataloging eng
042 ## - AUTHENTICATION CODE
Authentication code dc
050 #4 - LIBRARY OF CONGRESS CALL NUMBER
Classification number PR
100 1# - MAIN ENTRY--PERSONAL NAME
Personal name Shakespeare, William,
Dates associated with a name 1564-1616
245 10 - TITLE STATEMENT
Title Οθέλλος :
Remainder of title Σαικσπείρου Τραγωδίαι Μέρος Β'
Medium [electronic resource] /
Statement of responsibility, etc William Shakespeare
260 ## - PUBLICATION, DISTRIBUTION, ETC. (IMPRINT)
Name of publisher, distributor, etc Project Gutenberg,
Date of publication, distribution, etc 2010
500 ## - GENERAL NOTE
General note Translation of: Othello
506 ## - RESTRICTIONS ON ACCESS NOTE
Terms governing access Public domain in the USA.
516 ## - TYPE OF COMPUTER FILE OR DATA NOTE
Type of computer file or data note Electronic text
653 ## - INDEX TERM--UNCONTROLLED
Uncontrolled term Jealousy -- Drama
653 ## - INDEX TERM--UNCONTROLLED
Uncontrolled term Venice (Italy) -- Drama
653 ## - INDEX TERM--UNCONTROLLED
Uncontrolled term Othello (Fictitious character) -- Drama
653 ## - INDEX TERM--UNCONTROLLED
Uncontrolled term Tragedies
653 ## - INDEX TERM--UNCONTROLLED
Uncontrolled term Muslims -- Drama
653 ## - INDEX TERM--UNCONTROLLED
Uncontrolled term Interracial marriage -- Drama
700 1# - ADDED ENTRY--PERSONAL NAME
Personal name Vikelas, Demetrios,
Dates associated with a name 1835-1908
740 0# - ADDED ENTRY--UNCONTROLLED RELATED/ANALYTICAL TITLE
Uncontrolled related/analytical title Othello. Greek
830 #0 - SERIES ADDED ENTRY--UNIFORM TITLE
Uniform title Project Gutenberg
Volume number/sequential designation 32797
856 40 - ELECTRONIC LOCATION AND ACCESS
Uniform Resource Identifier <a href="http://www.gutenberg.org/ebooks/32797">http://www.gutenberg.org/ebooks/32797</a>
942 ## - ADDED ENTRY ELEMENTS (KOHA)
Koha item type eBooks
Holdings
Withdrawn status Lost status Damaged status Home library Current library Date acquired Total Checkouts Date last seen Price effective from Koha item type
      Project Gutenberg Project Gutenberg 08/28/2014   08/28/2014 08/28/2014 eBooks

Οθέλλος :

APA

Shakespeare W., Vikelas D., . (2010). Οθέλλος. : Project Gutenberg.

Chicago

Shakespeare William, Vikelas Demetrios, . 2010. Οθέλλος. : Project Gutenberg.

Harvard

Shakespeare W., Vikelas D., . (2010). Οθέλλος. : Project Gutenberg.

MLA

Shakespeare William, Vikelas Demetrios, . Οθέλλος. : Project Gutenberg. 2010.

  • Place hold
  • Print
  • Cite
  • Add to your cart (remove)
  • Save record
    BIBTEX Dublin Core MARCXML MARC (non-Unicode/MARC-8) MARC (Unicode/UTF-8) MARC (Unicode/UTF-8, Standard) MODS (XML) RIS
  • More searches
    Search for this title in:
    Other Libraries (WorldCat) Other Databases (Google Scholar) Online Stores (Bookfinder.com) Open Library (openlibrary.org)

Exporting to Dublin Core...

SOUTHVILLE LIBRARY

Southville International School and Colleges Library

1281 Tropical Ave. Cor. Luxembourg St., BF Homes International, Las Pinas City

Tel. No. 8256374 / 252358 Loc. 117/146

Powered by Koha